El memorioso [juego] : Tute,il. y Christian Arguiz, dis. /
Guardado en:
| Formato: | Objeto Físico |
|---|---|
| Publicado: |
Argentina :
Maldón,
2011.
|
| Materias: | |
| Etiquetas: |
Agregar Etiqueta
Sin Etiquetas, Sea el primero en etiquetar este registro!
|
| LEADER | 00926nrm a22001695g 4500 | ||
|---|---|---|---|
| 001 | CEM.cems019233 | ||
| 008 | 130507s2011##################0###0#####d | ||
| 005 | 20220830094812.0 | ||
| 003 | CEMS | ||
| 245 | 0 | 0 | |a El memorioso [juego] : |b Tute,il. y Christian Arguiz, dis. / |c Maldón. |
| 260 | |a Argentina : |b Maldón, |c 2011. | ||
| 300 | |a 1 juego(450 tarjetas de preguntas, 5 tarjetas-x2, 3 tarjetas-/2, 1 reloj de arena, 4 lápices, 1 sacapuntas, 4 blocks de hojas) ; en caja 23 x 18 x 10 cm. + manual de instrucciones. | ||
| 500 | |a Para 2 ó más jugadores a partir de 15 años objetivo: tratar de escribir todos los elementos de las listas que puedan recordar o deducir para ganar la partida poniendo a prueba su memoria y agilidad mental. | ||
| 082 | 0 | 4 | |a J793.73 |
| 653 | |a 1. juegos de preguntas y respuestas | ||
| 859 | |a CEMS |b BIB. CEMS - Ludoteca |h J793.73 |i M293 |p 400.12 |t Ej.1 | ||
| 859 | |a CEMS |b BIB. CEMS - Ludoteca |h J793.73 |i M293 |p 438.16 |t Ej.2 | ||
